000 00276nam a2200121Ia 4500
008 240624s9999 xx 000 0 und d
041 _aeng
082 _a150 BOW
100 _aBOWDON TOM BUTLER
245 _a50 PHYCHOLOGY CLASSICS
260 _aPublishing
365 _cRS
_b25
999 _c32535
_d32535